[Event "Lippe Cup 06th"]
[Site "Lieme"]
[Date "2009.10.18"]
[Round "5"]
[White "Rempe, Moritz"]
[Black "Unruh, Heinrich"]
[Result "0-1"]
[WhiteElo "1569"]
[BlackElo "1775"]
[PlyCount "136"]
[EventDate "2009.10.16"]
[EventType "swiss"]
[EventRounds "5"]
[EventCountry "GER"]
[SourceTitle "EXT 2013"]
[Source "ChessBase"]
[SourceDate "2012.11.22"]
[SourceVersion "1"]
[SourceVersionDate "2012.11.22"]
[SourceQuality "1"]

1. e4 c5 2. Nf3 Nc6 3. d4 cxd4 4. Nxd4 g6 5. Nc3 Bg7 6. Be3 Nf6 7. Be2 0-0 8. 0-0 d5 9. exd5 Nxd5 10. Nxd5 Nxd4 11. Bxd4 Qxd5 12. Bxg7 Qxd1 13. Raxd1 Kxg7 14. Bf3 Bf5 15. c3 Rfd8 16. b3 Rxd1 17. Rxd1 Rc8 18. c4 Rc7 19. g4 Be6 20. h3 b6 21. Bd5 Rd7 22. Bf3 Kf6 23. Kf1 Kg5 24. Rxd7 Bxd7 25. b4 Kf4 26. Bb7 Ke5 27. c5 bxc5 28. bxc5 Bb5+ 29. Ke1 Ke6 30. Kd2 Kd7 31. Kc3 e5 32. Kb4 Bc6 33. Bxc6+ Kxc6 34. Kc4 h6 35. h4 f5 36. g5 h5 37. a3 a6 38. f3 a5 39. a4 f4 40. Kd3 Kxc5 41. Kc3 Kd6 42. Kd2 e4 43. fxe4 Ke5 44. Kd3 f3 45. Ke3 f2 46. Kxf2 Kxe4 47. Ke2 Kf4 48. Kd3 Kg4 49. Ke4 Kxh4 50. Kf4 Kh3 51. Ke5 Kg4 52. Kf6 h4 53. Kxg6 h3 54. Kf6 h2 55. g6 h1Q 56. g7 Qa1+ 57. Kf7 Qa2+ 58. Kf8 Qf2+ 59. Ke7 Qe3+ 60. Kf7 Qf4+ 61. Ke7 Qe5+ 62. Kf7 Qf5+ 63. Ke7 Qg6 64. Kf8 Qf6+ 65. Kg8 Kf5 66. Kh7 Qh4+ 67. Kg8 Qxa4 68. Kf8 Qb3 0-1

[Event "Lippe Cup 06th"]
[Site "Lieme"]
[Date "2009.10.18"]
[Round "4"]
[White "Unruh, Heinrich"]
[Black "Schroeder, Kevin"]
[Result "1-0"]
[WhiteElo "1775"]
[BlackElo "1564"]
[PlyCount "33"]
[EventDate "2009.10.16"]
[EventType "swiss"]
[EventRounds "5"]
[EventCountry "GER"]
[SourceTitle "EXT 2012"]
[Source "ChessBase"]
[SourceDate "2011.11.24"]
[SourceVersion "1"]
[SourceVersionDate "2011.11.24"]
[SourceQuality "1"]

1. e4 c5 2. Nf3 d6 3. d4 cxd4 4. Nxd4 Nf6 5. Nc3 a6 6. Be3 b5 7. f3 g6 8. Qd2 Bg7 9. 0-0-0 0-0 10. h4 Nh5 11. g4 Ng3 12. Rh2 Be5 13. Bd3 b4 14. Nd5 Bxd4 15. Bxd4 e6 16. Nf6+ Kh8 17. Qh6 1-0

[Event "Lippe Cup 05th"]
[Site "Lieme"]
[Date "2008.09.26"]
[Round "1"]
[White "Scheer, Maximilian"]
[Black "Unruh, Heinrich"]
[Result "0-1"]
[WhiteElo "1472"]
[BlackElo "1737"]
[PlyCount "50"]
[EventDate "2008.09.26"]
[EventType "swiss"]
[EventRounds "5"]
[EventCountry "GER"]
[SourceTitle "EXT 2012"]
[Source "ChessBase"]
[SourceDate "2011.11.24"]
[SourceVersion "1"]
[SourceVersionDate "2011.11.24"]
[SourceQuality "1"]

1. e4 c5 2. c3 Nc6 3. d4 cxd4 4. cxd4 d5 5. e5 Qb6 6. Ne2 Bf5 7. Nd2 Nb4 8. Qa4+ Kd8 9. Nf3 Nc2+ 10. Kd2 Nxa1 11. Nc3 e6 12. Bb5 Ne7 13. Be8 Nc6 14. Bxf7 Nc2 15. Rd1 N6xd4 16. Nxd4 Qxd4+ 17. Qxd4 Nxd4 18. Bh5 g6 19. Be2 Bh6+ 20. Ke1 Bxc1 21. Rxc1 Nxe2 22. Kxe2 a6 23. Ke3 g5 24. Na4 Rc8 25. Nc5 Ke7 0-1

[Event "Bielefeld Gr5"]
[Site "Bielefeld"]
[Date "2007.05.25"]
[Round "1"]
[White "Unruh, Heinrich"]
[Black "Brinkmann, Andrea"]
[Result "1-0"]
[WhiteElo "1990"]
[BlackElo "1904"]
[PlyCount "75"]
[EventDate "2007.05.25"]
[EventType "tourn"]
[EventRounds "7"]
[EventCountry "GER"]
[SourceTitle "EXT 2008"]
[Source "ChessBase"]
[SourceDate "2007.11.25"]
[SourceVersion "1"]
[SourceVersionDate "2007.11.25"]
[SourceQuality "1"]

1. e4 d5 2. exd5 Nf6 3. d4 Bg4 4. Bb5+ Nbd7 5. f3 Bf5 6. c4 a6 7. Ba4 e6 8. dxe6 Bxe6 9. d5 Bf5 10. Nc3 Be7 11. Nge2 0-0 12. Nd4 Bg6 13. 0-0 Ne5 14. Qe2 Bd6 15. Rd1 Ned7 16. Bg5 Re8 17. Qf1 Re5 18. Bh4 Rh5 19. Bg3 Bxg3 20. hxg3 Nc5 21. Bc2 Bxc2 22. Nxc2 Qd6 23. Qf2 Rg5 24. b4 Ncd7 25. Ne2 Ne5 26. c5 Qd7 27. Ne3 Ng6 28. d6 Re8 29. dxc7 Qxc7 30. Nc4 Nh5 31. Nd6 Rd8 32. Rd4 a5 33. a3 axb4 34. axb4 h6 35. Ra7 Rb8 36. f4 Rg4 37. Qf3 Nf6 38. Rxb7 1-0

[Event "Lippe Cup 03rd"]
[Site "Lieme"]
[Date "2006.10.08"]
[Round "5"]
[White "De Leroy, Babs"]
[Black "Unruh, Heinrich"]
[Result "0-1"]
[WhiteElo "1652"]
[BlackElo "1782"]
[PlyCount "54"]
[EventDate "2006.10.06"]
[EventType "swiss"]
[EventRounds "5"]
[EventCountry "GER"]
[SourceTitle "EXT 2012"]
[Source "ChessBase"]
[SourceDate "2011.11.24"]
[SourceVersion "1"]
[SourceVersionDate "2011.11.24"]
[SourceQuality "1"]

1. Nf3 d5 2. d4 g6 3. c4 c6 4. Nc3 Nf6 5. a4 a5 6. h3 Bg7 7. e3 Na6 8. cxd5 Nxd5 9. e4 Nxc3 10. bxc3 c5 11. Rb1 0-0 12. Be3 cxd4 13. cxd4 Nb4 14. Bc4 Bd7 15. 0-0 Rc8 16. Bb3 b5 17. axb5 Bxb5 18. Re1 Bd3 19. Bxf7+ Rxf7 20. Rxb4 Bc2 21. Qd2 axb4 22. Qxb4 h6 23. e5 Rb8 24. Qc4 Qc8 25. Qd5 e6 26. Qd6 Bf8 27. Qa6 Qxa6 0-1

[Event "OWL-ch"]
[Site "Lippstadt"]
[Date "2006.04.22"]
[Round "6"]
[White "Unruh, Heinrich"]
[Black "Himpenmacher, Andy"]
[Result "1/2-1/2"]
[WhiteElo "1854"]
[BlackElo "1992"]
[PlyCount "105"]
[EventDate "2006.04.21"]
[EventType "tourn"]
[EventRounds "7"]
[EventCountry "GER"]
[SourceTitle "EXT 2008"]
[Source "ChessBase"]
[SourceDate "2007.11.25"]
[SourceVersion "1"]
[SourceVersionDate "2007.11.25"]
[SourceQuality "1"]

1. e4 d5 2. exd5 Nf6 3. d4 Nxd5 4. c4 Nb6 5. Nc3 e5 6. dxe5 Qxd1+ 7. Nxd1 Nc6 8. f4 Be6 9. b3 0-0-0 10. Be2 Bb4+ 11. Kf2 Bf5 12. a3 Na5 13. axb4 Nxb3 14. Bb2 Nxa1 15. Bxa1 Nxc4 16. Nf3 Bd3 17. Ne3 Nxe3 18. Kxe3 Bxe2 19. Kxe2 Rd7 20. Rd1 Rxd1 21. Kxd1 Kd7 22. Ng5 h6 23. Ne4 Kc6 24. Ke2 Rd8 25. g4 b6 26. Bc3 Kd5 27. Kd3 c5 28. bxc5 bxc5 29. Nd2 h5 30. g5 g6 31. Nc4 Rb8 32. Nd6 a6 33. h4 Ke6 34. Bd2 Rb3+ 35. Kc4 Rb2 36. Be3 Rc2+ 37. Kd3 Rh2 38. Ne4 Rxh4 39. Nxc5+ Kf5 40. Nxa6 Rxf4 41. Bxf4 Kxf4 42. e6 fxe6 43. Nc5 e5 44. Ke2 Kxg5 45. Kf3 Kf5 46. Ne4 Ke6 47. Ng5+ Kd5 48. Ne4 Kd4 49. Ng5 h4 50. Kg4 e4 51. Kxh4 e3 52. Kg3 Kd3 53. Nf3 1/2-1/2

[Event "OWL-ch"]
[Site "Lippstadt"]
[Date "2006.04.20"]
[Round "2"]
[White "Mueller, Michael3333"]
[Black "Unruh, Heinrich"]
[Result "1-0"]
[WhiteElo "2157"]
[BlackElo "1854"]
[PlyCount "79"]
[EventDate "2006.04.21"]
[EventType "tourn"]
[EventRounds "7"]
[EventCountry "GER"]
[SourceTitle "EXT 2008"]
[Source "ChessBase"]
[SourceDate "2007.11.25"]
[SourceVersion "1"]
[SourceVersionDate "2007.11.25"]
[SourceQuality "1"]

1. d4 Nf6 2. Nf3 g6 3. g3 Bg7 4. Bg2 d5 5. c4 dxc4 6. Nc3 c6 7. Ne5 Nbd7 8. Nxc4 Nb6 9. Ne3 Be6 10. 0-0 Qd7 11. Re1 h5 12. h4 Ng4 13. Nc2 0-0-0 14. e3 g5 15. f3 gxh4 16. fxg4 Bxg4 17. Bf3 Bxf3 18. Qxf3 Rdg8 19. Ne4 hxg3 20. Nc5 Qh3 21. Re2 Rh6 22. Ne4 Rg6 23. Bd2 f5 24. Nc5 Nd5 25. Nb4 e6 26. Nxd5 exd5 27. Nd3 Qg4 28. Qxg4 hxg4 29. Be1 Rh8 30. Bxg3 Rgh6 31. Rh2 Rh3 32. Rxh3 gxh3 33. Kh2 Kd7 34. Rf1 Ke6 35. Bf4 b6 36. b3 Bf8 37. Rc1 c5 38. dxc5 bxc5 39. Nxc5+ Bxc5 40. Rxc5 1-0